[Event "FRA-chT Top 12 final (Women)"]
[Site "Poitiers"]
[Date "2025.06.29"]
[Round "3.2"]
[White "Kashlinskaya, Alina"]
[Black "Roebers, Eline"]
[Result "1/2-1/2"]
[WhiteElo "2459"]
[BlackElo "2356"]
[PlyCount "128"]
[EventDate "2025.06.28"]
[EventType "team-k.o."]
[EventRounds "4"]
[EventCountry "FRA"]
[SourceTitle "CB27_2025"]
[SourceDate "2025.07.02"]
[SourceVersion "1"]
[SourceVersionDate "2025.07.02"]
[SourceQuality "1"]
[WhiteTeam "Monaco (W)"]
[BlackTeam "Mulhouse Philidor (W)"]
[WhiteTeamCountry "FRA"]
[BlackTeamCountry "FRA"]

1. Nf3 d5 2. d4 e6 3. c4 Nf6 4. e3 a6 5. Nc3 dxc4 6. a4 b6 7. Bxc4 Bb7 8. 0-0 Nbd7 9. d5 e5 10. e4 Bb4 11. Qe2 0-0 12. Bg5 Re8 13. Na2 Bd6 14. Rad1 h6 15. Bc1 b5 16. Bd3 Nc5 17. a5 Nb3 18. Be3 Nxa5 19. b4 Nc4 20. Bxc4 bxc4 21. Qxc4 Bc8 22. Rb1 Bd7 23. Rfc1 Bb5 24. Qc2 c6 25. dxc6 Rc8 26. Nc3 Bxc6 27. Qd3 Qe7 28. Qxa6 Bb7 29. Qd3 Bxb4 30. Nd2 Red8 31. Nd5 Rxc1+ 32. Rxc1 Nxd5 33. exd5 Bxd5 34. Qe2 Qe6 35. Nf3 Bf8 36. h3 f5 37. Re1 Qf6 38. Rd1 f4 39. Bc1 e4 40. Qb5 exf3 41. Rxd5 Rc8 42. Rd1 fxg2 43. Qd5+ Kh8 44. Qf3 Bd6 45. Kxg2 Be5 46. Re1 Qg6+ 47. Qg4 Qc6+ 48. Kg1 f3 49. Rxe5 Qxc1+ 50. Kh2 Qc7 51. Qg3 Rf8 52. Re3 Qc6 53. Re7 Qc3 54. Qe5 Qxe5+ 55. Rxe5 Kh7 56. Kg3 g5 57. h4 Kg6 58. hxg5 hxg5 59. Re3 Rf4 60. Rxf3 Rxf3+ 61. Kxf3 Kf5 62. Kg3 g4 63. f3 gxf3 64. Kxf3 Ke5 1/2-1/2

[Event "FRA-chT Top 12 final (Women)"]
[Site "Poitiers"]
[Date "2025.06.28"]
[Round "2.1"]
[White "Kashlinskaya, Alina"]
[Black "Osmak, Iulija"]
[Result "1-0"]
[WhiteElo "2459"]
[BlackElo "2468"]
[PlyCount "111"]
[EventDate "2025.06.28"]
[EventType "team-k.o."]
[EventRounds "4"]
[EventCountry "FRA"]
[SourceTitle "CB27_2025"]
[SourceDate "2025.07.02"]
[SourceVersion "1"]
[SourceVersionDate "2025.07.02"]
[SourceQuality "1"]
[WhiteTeam "Monaco (W)"]
[BlackTeam "Chartres (W)"]
[WhiteTeamCountry "FRA"]
[BlackTeamCountry "FRA"]

1. d4 d5 2. c4 dxc4 3. Nf3 Nf6 4. e3 e6 5. Bxc4 c5 6. 0-0 a6 7. b3 Nbd7 8. Bb2 b6 9. e4 Bb7 10. d5 exd5 11. exd5 Bd6 12. Re1+ Kf8 13. a4 Qc7 14. Nbd2 h5 15. Nf1 h4 16. h3 Rh5 17. Ne3 Re8 18. Qd3 Ne5 19. Qd1 Nxf3+ 20. Qxf3 Be5 21. Ng4 Nxg4 22. Qxg4 g6 23. Bxe5 Rhxe5 24. Rxe5 Qxe5 25. Rd1 Qf6 26. d6 Rd8 27. d7 Kg7 28. Bd5 Bxd5 29. Rxd5 Qa1+ 30. Kh2 Qf6 31. Kg1 Qa1+ 32. Rd1 Qf6 33. Qc4 Qf5 34. Rd5 Qe6 35. Qc3+ Kg8 36. Qd2 Kg7 37. Rd3 b5 38. axb5 axb5 39. Rd5 c4 40. bxc4 bxc4 41. Qd4+ Kg8 42. Qxc4 Qe1+ 43. Qf1 Qe6 44. Qd1 Qe7 45. Qd2 Qe6 46. Kh2 Qe7 47. Qd4 Qe6 48. Qc5 Kg7 49. Rd6 Qe4 50. Qg5 Qe2 51. Qf6+ Kh7 52. Qxf7+ Kh8 53. Qf6+ Kh7 54. Qxg6+ Kh8 55. Qh6+ Kg8 56. Rg6+ 1-0

[Event "POL-ch (Women) 76th"]
[Site "Krakow"]
[Date "2025.05.11"]
[Round "6"]
[White "Kashlinskaya, Alina"]
[Black "Kiolbasa, Oliwia"]
[Result "1-0"]
[WhiteElo "2467"]
[BlackElo "2359"]
[PlyCount "106"]
[EventDate "2025.05.06"]
[EventType "tourn"]
[EventRounds "9"]
[EventCountry "POL"]
[EventCategory "3"]
[SourceTitle "CB21_2025"]
[SourceDate "2025.05.21"]
[SourceVersion "1"]
[SourceVersionDate "2025.05.21"]
[SourceQuality "1"]

1. Nf3 c5 2. g3 Nc6 3. Bg2 e5 4. e4 Nf6 5. d3 Be7 6. 0-0 0-0 7. Nc3 d6 8. Nd2 a6 9. Nc4 b5 10. Ne3 Rb8 11. f4 exf4 12. gxf4 b4 13. Ne2 Ng4 14. Ng3 Nxe3 15. Bxe3 Bd7 16. Qd2 Bf6 17. c3 bxc3 18. bxc3 Qa5 19. Rac1 Qa3 20. Rc2 Bh4 21. Qe2 g6 22. e5 f5 23. exd6 Nd8 24. Qf2 Rc8 25. Rb1 Bf6 26. Nf1 c4 27. dxc4 Qxd6 28. Rb6 Qe7 29. c5 a5 30. Bd4 Bc6 31. Re2 Qd7 32. Rd2 Qe7 33. Re2 Qd7 34. Bxf6 Rxf6 35. Qd4 Qf7 36. Bd5 Qxd5 37. Qxd5+ Bxd5 38. Rxf6 Rxc5 39. Re5 Nf7 40. Rxf7 Kxf7 41. Ne3 Rxc3 42. Nxd5 Ra3 43. Re7+ Kg8 44. Nf6+ Kf8 45. Rxh7 Rxa2 46. Ra7 a4 47. Nd7+ Kg7 48. Ne5+ Kh6 49. Ra6 Kh5 50. Rxg6 Ra1+ 51. Kf2 Ra2+ 52. Ke3 Rxh2 53. Rg8 Rh3+ 1-0

[Event "POL-ch (Women) 76th"]
[Site "Krakow"]
[Date "2025.05.10"]
[Round "5"]
[White "Dwilewicz, Katarzyna"]
[Black "Kashlinskaya, Alina"]
[Result "1/2-1/2"]
[WhiteElo "2207"]
[BlackElo "2467"]
[PlyCount "63"]
[EventDate "2025.05.06"]
[EventType "tourn"]
[EventRounds "9"]
[EventCountry "POL"]
[EventCategory "3"]
[SourceTitle "CB21_2025"]
[SourceDate "2025.05.21"]
[SourceVersion "1"]
[SourceVersionDate "2025.05.21"]
[SourceQuality "1"]

1. e4 e5 2. Nf3 Nc6 3. Nc3 Nf6 4. a3 g6 5. Bc4 Bg7 6. d3 d6 7. Be3 h6 8. h3 Be6 9. Bxe6 fxe6 10. Ne2 Qd7 11. Ng3 d5 12. b4 a6 13. 0-0 0-0 14. Re1 Rf7 15. a4 d4 16. Bd2 Ne8 17. c4 dxc3 18. Bxc3 Nd6 19. Nd2 Raf8 20. Rf1 Qe7 21. Nb3 Kh7 22. Ra2 b6 23. Rc2 Nd4 24. Nxd4 exd4 25. Bd2 Qh4 26. Qg4 Qe7 27. Qd1 h5 28. Qc1 Qd7 29. Rc6 Nb7 30. Rc2 Nd6 31. Rc6 Nb7 32. Rc2 1/2-1/2

[Event "POL-ch (Women) 76th"]
[Site "Krakow"]
[Date "2025.05.08"]
[Round "3"]
[White "Maltsevskaya, Aleksandra"]
[Black "Kashlinskaya, Alina"]
[Result "1/2-1/2"]
[WhiteElo "2398"]
[BlackElo "2467"]
[PlyCount "61"]
[EventDate "2025.05.06"]
[EventType "tourn"]
[EventRounds "9"]
[EventCountry "POL"]
[EventCategory "3"]
[SourceTitle "CB21_2025"]
[SourceDate "2025.05.21"]
[SourceVersion "1"]
[SourceVersionDate "2025.05.21"]
[SourceQuality "1"]

1. c4 Nf6 2. Nf3 e6 3. g3 d5 4. Bg2 d4 5. 0-0 c5 6. e3 Nc6 7. exd4 cxd4 8. d3 Bd6 9. a3 a5 10. Bg5 h6 11. Bxf6 Qxf6 12. Qc2 Qe7 13. Nbd2 0-0 14. Nb3 e5 15. Rfe1 Be6 16. c5 Bc7 17. Nbd2 a4 18. b4 axb3 19. Nxb3 Bxb3 20. Qxb3 Ba5 21. Rec1 Bc3 22. Ra2 Qxc5 23. Nd2 Na5 24. Qb1 Qe7 25. Ne4 Rfc8 26. Qb5 Rc7 27. a4 Qe6 28. Rac2 Nb3 29. Rb1 Na5 30. Rbc1 Nb3 31. Rb1 1/2-1/2

[Event "Pune FIDE GP (Women)"]
[Site "Pune"]
[Date "2025.04.21"]
[Round "7"]
[White "Vaishali, Ramesh Babu"]
[Black "Kashlinskaya, Alina"]
[Result "1/2-1/2"]
[WhiteElo "2484"]
[BlackElo "2496"]
[PlyCount "168"]
[EventDate "2025.04.14"]
[EventType "tourn"]
[EventRounds "9"]
[EventCountry "IND"]
[EventCategory "9"]
[SourceTitle "CB18_2025"]
[SourceDate "2025.04.30"]
[SourceVersion "1"]
[SourceVersionDate "2025.04.30"]
[SourceQuality "1"]

1. d4 d5 2. Nf3 Nf6 3. c4 c6 4. e3 Bf5 5. Nc3 e6 6. Bd3 Bxd3 7. Qxd3 Bb4 8. 0-0 0-0 9. Bd2 a5 10. a3 Be7 11. c5 Nbd7 12. b4 axb4 13. axb4 Qc7 14. h3 e5 15. e4 Rxa1 16. Rxa1 dxe4 17. Nxe4 Rd8 18. Re1 exd4 19. Qxd4 Nf8 20. Qc4 Nd5 21. Ng3 Ng6 22. h4 b5 23. cxb6 Nxb6 24. Qg4 Qd7 25. Nf5 h5 26. Qxh5 Bf6 27. g3 Nc4 28. Be3 Re8 29. Qg4 Qd5 30. N5d4 Nge5 31. Nxe5 Nxe5 32. Qf5 Rb8 33. Rc1 Rxb4 34. Rxc6 Rxd4 35. Rc8+ Bd8 36. Bxd4 Nf3+ 37. Qxf3 Qxf3 38. Rxd8+ Kh7 39. Be3 Qf5 40. Rd4 Qf3 41. Kh2 Qf5 42. Kg2 Qe6 43. h5 Qc6+ 44. Kh2 Qf3 45. Rf4 Qd5 46. g4 Qe5 47. Kh3 Qd5 48. Kh2 Qe5 49. Kg2 Qd5+ 50. f3 Qe5 51. Re4 Qb2+ 52. Kh3 Qe2 53. Kg3 Qe1+ 54. Bf2 Qd2 55. Bd4 Kg8 56. Be3 Qe1+ 57. Kg2 Qe2+ 58. Bf2 Qd2 59. Rd4 Qc1 60. Rd5 Qc4 61. Rc5 Qf4 62. Ra5 f6 63. Rf5 Qd2 64. Rc5 Qf4 65. Rc8+ Kh7 66. Rd8 Qc1 67. Rd4 Qg5 68. Kg3 Qe5+ 69. f4 Qb5 70. Re4 Qd3+ 71. Re3 Qd5 72. Re1 Qd3+ 73. Be3 g6 74. hxg6+ Kxg6 75. f5+ Kf7 76. Kf3 Qd5+ 77. Kf2 Qa2+ 78. Kg3 Qb3 79. Kf2 Qa2+ 80. Re2 Qc4 81. Kf3 Qd5+ 82. Kg3 Qd3 83. Kf3 Qd5+ 84. Kg3 Qd3 1/2-1/2

[Event "Pune FIDE GP (Women)"]
[Site "Pune"]
[Date "2025.04.18"]
[Round "5"]
[White "Kashlinskaya, Alina"]
[Black "Melia, Salome"]
[Result "1/2-1/2"]
[WhiteElo "2496"]
[BlackElo "2293"]
[PlyCount "81"]
[EventDate "2025.04.14"]
[EventType "tourn"]
[EventRounds "9"]
[EventCountry "IND"]
[EventCategory "9"]
[SourceTitle "CB18_2025"]
[SourceDate "2025.04.30"]
[SourceVersion "1"]
[SourceVersionDate "2025.04.30"]
[SourceQuality "1"]

1. e4 c5 2. Nf3 Nc6 3. c3 d5 4. exd5 Qxd5 5. d4 Nf6 6. Be3 Bg4 7. dxc5 Qxd1+ 8. Kxd1 Nd5 9. h3 Bxf3+ 10. gxf3 e6 11. Bb5 Nxe3+ 12. fxe3 Bxc5 13. Ke2 Rc8 14. Nd2 a6 15. Bd3 Ke7 16. f4 g6 17. Nf3 Bd6 18. Be4 Na5 19. h4 h5 20. b4 Nc6 21. a3 Nd8 22. Rhc1 f5 23. Bd3 Nf7 24. c4 e5 25. c5 Bb8 26. fxe5 Nxe5 27. Nxe5 Bxe5 28. Rab1 Rhd8 29. a4 Rc7 30. Rc4 Kf6 31. b5 axb5 32. Rxb5 Rcd7 33. Rb6+ Kg7 34. Rb3 Bf6 35. c6 bxc6 36. a5 Ra8 37. Ra4 Be7 38. a6 Bc5 39. Rc4 Ba7 40. Rxc6 Re8 41. Bc2 1/2-1/2

[Event "Wroclaw POL-ROW (Women) playoff"]
[Site "Wroclaw"]
[Date "2025.03.14"]
[Round "2.1"]
[White "Kashlinskaya, Alina"]
[Black "Roebers, Eline"]
[Result "1-0"]
[WhiteElo "2493"]
[BlackElo "2367"]
[PlyCount "65"]
[EventDate "2025.03.14"]
[EventType "team-match (blitz)"]
[EventRounds "2"]
[EventCountry "POL"]
[SourceTitle "CB12_2025"]
[SourceDate "2025.03.19"]
[SourceVersion "1"]
[SourceVersionDate "2025.03.19"]
[SourceQuality "1"]
[WhiteTeam "Poland"]
[BlackTeam "World"]
[WhiteTeamCountry "POL"]

1. d4 f5 2. c4 Nf6 3. Nc3 d6 4. Bg5 Nbd7 5. g4 fxg4 6. h3 g3 7. fxg3 e5 8. Nf3 Be7 9. Qc2 0-0 10. 0-0-0 exd4 11. Nxd4 Ne5 12. Bf4 Ng6 13. e3 a6 14. Kb1 c5 15. Nf3 b5 16. cxb5 axb5 17. Bxb5 Kh8 18. Bc4 Bb7 19. Ng5 Qa5 20. a3 Bxh1 21. Rxh1 Ne5 22. Bxe5 dxe5 23. Nd5 g6 24. Nxe7 Qd8 25. Nxg6+ hxg6 26. Qxg6 Ra7 27. Nf7+ Raxf7 28. Bxf7 Nh7 29. Rc1 Qd2 30. Bc4 Qxe3 31. Bd3 Nf6 32. Rf1 e4 33. Bxe4 1-0

[Event "Wch Blitz (Women)"]
[Site "New York"]
[Date "2024.12.30"]
[Round "4"]
[White "Belenkaya, Dina"]
[Black "Kashlinskaya, Alina"]
[Result "0-1"]
[WhiteElo "2155"]
[BlackElo "2493"]
[PlyCount "42"]
[EventDate "2024.12.30"]
[EventType "swiss (blitz)"]
[EventRounds "11"]
[EventCountry "USA"]
[SourceTitle "CB01_2025"]
[SourceDate "2025.01.01"]
[SourceVersion "1"]
[SourceVersionDate "2025.01.01"]
[SourceQuality "1"]

1. d4 Nf6 2. c4 g6 3. Nc3 Bg7 4. e4 d6 5. Nf3 0-0 6. Bd3 Nbd7 7. 0-0 e5 8. d5 Nc5 9. Bc2 a5 10. Re1 Ne8 11. Bd2 f5 12. exf5 gxf5 13. Bg5 Qd7 14. Ne2 Qf7 15. Ng3 Kh8 16. Rb1 Rg8 17. a3 a4 18. Kh1 e4 19. Nd4 Be5 20. Bc1 Qg7 21. Nh5 Qxg2# 0-1

[Event "Wch Blitz (Women)"]
[Site "New York"]
[Date "2024.12.30"]
[Round "1"]
[White "Kashlinskaya, Alina"]
[Black "Mkrtchyan, Mariam"]
[Result "0-1"]
[WhiteElo "2493"]
[BlackElo "2325"]
[PlyCount "130"]
[EventDate "2024.12.30"]
[EventType "swiss (blitz)"]
[EventRounds "11"]
[EventCountry "USA"]
[SourceTitle "CB01_2025"]
[SourceDate "2025.01.01"]
[SourceVersion "1"]
[SourceVersionDate "2025.01.01"]
[SourceQuality "1"]

1. d4 d5 2. c4 e6 3. Nf3 Nf6 4. Nc3 Nbd7 5. Qc2 c5 6. dxc5 Bxc5 7. cxd5 exd5 8. Bf4 0-0 9. e3 h6 10. Be2 b6 11. 0-0 Bb7 12. Rad1 Qe7 13. Nd4 Rfd8 14. a3 Rac8 15. Qa4 Bxd4 16. Qxd4 Nc5 17. Bf3 Nfe4 18. Bg4 Ne6 19. Qe5 Nxc3 20. bxc3 Rc4 21. h3 Re4 22. Qh5 Nxf4 23. exf4 Rxf4 24. Rfe1 Re4 25. Rxe4 dxe4 26. Rxd8+ Qxd8 27. Qe5 g6 28. Be2 Qd5 29. Qg3 Kg7 30. Bf1 a6 31. Qc7 b5 32. h4 h5 33. Qe7 Bc6 34. Qc7 Qd7 35. Qe5+ Kg8 36. Qf6 Qe6 37. Qd8+ Kh7 38. Qb6 Bd5 39. Qd4 Bc4 40. Bxc4 Qxc4 41. Qf6 Kg8 42. Qd8+ Kg7 43. Qa5 Qd5 44. Qxa6 Qc4 45. Qa5 Qd5 46. Qb4 Qd3 47. Qc5 Qd1+ 48. Kh2 Qd3 49. Qe5+ Kg8 50. Qc5 Kg7 51. g3 Kg8 52. Qe3 Qc2 53. Qd4 Kf8 54. Qc5+ Kg8 55. Qxb5 Qxf2+ 56. Kh3 Qf3 57. Qe8+ Kh7 58. Kh2 Qf2+ 59. Kh3 e3 60. g4 e2 61. gxh5 e1Q 62. hxg6+ fxg6 63. Qd7+ Kg8 64. Qd8+ Kf7 65. Qd5+ Qe6+ 0-1

[Event "Wch Blitz (Women)"]
[Site "New York"]
[Date "2024.12.30"]
[Round "11"]
[White "Kashlinskaya, Alina"]
[Black "Tsolakidou, Stavroula"]
[Result "1/2-1/2"]
[WhiteElo "2493"]
[BlackElo "2451"]
[PlyCount "99"]
[EventDate "2024.12.30"]
[EventType "swiss (blitz)"]
[EventRounds "11"]
[EventCountry "USA"]
[SourceTitle "CB01_2025"]
[SourceDate "2025.01.01"]
[SourceVersion "1"]
[SourceVersionDate "2025.01.01"]
[SourceQuality "1"]

1. d4 Nf6 2. c4 e6 3. Bf4 Bb4+ 4. Nd2 d5 5. a3 Bxd2+ 6. Bxd2 dxc4 7. e3 b5 8. b3 Bb7 9. bxc4 bxc4 10. Nf3 Nbd7 11. Bxc4 c5 12. 0-0 0-0 13. dxc5 Nxc5 14. Bb4 Rc8 15. Qe2 a5 16. Rfd1 Qc7 17. Be1 Nce4 18. Rac1 Qe7 19. a4 Qa3 20. Ra1 Qc5 21. Rdc1 Bd5 22. Bxd5 Qxd5 23. Nd4 Nd6 24. Qf3 Nfe4 25. Rab1 Rc4 26. Rxc4 Qxc4 27. Qd1 Nc3 28. Bxc3 Qxc3 29. Nxe6 fxe6 30. Qxd6 Qc2 31. Qxe6+ Kh8 32. Rf1 Qxa4 33. h3 Qb4 34. Rc1 a4 35. Kh2 a3 36. Rc8 h6 37. Rxf8+ Qxf8 38. Qa6 Qb8+ 39. f4 Qb2 40. Qc8+ Kh7 41. Qf5+ Kg8 42. Qe6+ Kf8 43. Qc8+ Ke7 44. Qc7+ Ke6 45. Qc6+ Ke7 46. Qc7+ Kf6 47. Qd6+ Kf7 48. Qd7+ Kf8 49. Qd8+ Kf7 50. Qd7+ 1/2-1/2

[Event "Wch Blitz (Women)"]
[Site "New York"]
[Date "2024.12.30"]
[Round "8"]
[White "Lu, Miaoyi"]
[Black "Kashlinskaya, Alina"]
[Result "0-1"]
[WhiteElo "2441"]
[BlackElo "2493"]
[PlyCount "74"]
[EventDate "2024.12.30"]
[EventType "swiss (blitz)"]
[EventRounds "11"]
[EventCountry "USA"]
[SourceTitle "CB01_2025"]
[SourceDate "2025.01.01"]
[SourceVersion "1"]
[SourceVersionDate "2025.01.01"]
[SourceQuality "1"]

1. e4 e5 2. Nf3 Nc6 3. Bc4 Nf6 4. d3 Be7 5. 0-0 0-0 6. Nc3 d6 7. a3 h6 8. Be3 Re8 9. h3 Bf8 10. Re1 Be6 11. Bxe6 Rxe6 12. d4 exd4 13. Nxd4 Nxd4 14. Qxd4 c6 15. f3 Nh5 16. Rad1 Rg6 17. Rd2 Qh4 18. Kf1 Ng3+ 19. Kg1 Nf5 20. exf5 Qxe1+ 21. Kh2 Qg3+ 22. Kh1 Rf6 23. Ne4 Qe1+ 24. Kh2 Rxf5 25. Bf2 Qc1 26. Qc3 d5 27. Ng3 Bd6 28. Rd4 Re8 29. Rg4 g6 30. h4 h5 31. Ra4 Rf4 32. Rxf4 Qxf4 33. Kh3 Re2 34. Qd4 Qxd4 35. Bxd4 Bxg3 36. Kxg3 Rxc2 37. Bxa7 Rxb2 0-1

[Event "Wch Rapid (Women)"]
[Site "New York"]
[Date "2024.12.26"]
[Round "2"]
[White "Kashlinskaya, Alina"]
[Black "Balajayeva, Khanim Asad Qizi"]
[Result "1/2-1/2"]
[WhiteElo "2378"]
[BlackElo "2242"]
[PlyCount "96"]
[EventDate "2024.12.26"]
[EventType "swiss (rapid)"]
[EventRounds "11"]
[EventCountry "USA"]
[SourceTitle "CB01_2025"]
[SourceDate "2025.01.01"]
[SourceVersion "1"]
[SourceVersionDate "2025.01.01"]
[SourceQuality "1"]

1. d4 Nf6 2. c4 e6 3. Nc3 Bb4 4. e3 0-0 5. Bd3 d5 6. a3 Bxc3+ 7. bxc3 dxc4 8. Bxc4 c5 9. Ne2 Qc7 10. Bd3 Nc6 11. f4 b6 12. 0-0 Ne7 13. e4 Bb7 14. Ng3 cxd4 15. cxd4 Qc3 16. Ra2 Qxd4+ 17. Kh1 Rfd8 18. Rd2 Qc5 19. Bb2 Ne8 20. Qe2 Qa5 21. Rc2 Rxd3 22. Qxd3 Ba6 23. Qf3 Bxf1 24. Nxf1 Rd8 25. h3 Qb5 26. Kh2 Qd3 27. Qxd3 Rxd3 28. Ng3 Kf8 29. f5 exf5 30. exf5 Rd5 31. a4 f6 32. Ba3 Kf7 33. Re2 Nd6 34. Rc2 Nexf5 35. Rc7+ Ke6 36. Bxd6 Kxd6 37. Rxa7 Nxg3 38. Kxg3 Rg5+ 39. Kf3 h5 40. g4 hxg4+ 41. hxg4 Kc6 42. Rf7 Kc5 43. Rb7 f5 44. gxf5 Rxf5+ 45. Ke4 Rg5 46. Ra7 Kb4 47. Ra6 Rg1 48. Rxb6+ Kxa4 1/2-1/2

[Event "Wch Rapid (Women)"]
[Site "New York"]
[Date "2024.12.26"]
[Round "4"]
[White "Kashlinskaya, Alina"]
[Black "Maltsevskaya, Aleksandra"]
[Result "0-1"]
[WhiteElo "2378"]
[BlackElo "2269"]
[PlyCount "132"]
[EventDate "2024.12.26"]
[EventType "swiss (rapid)"]
[EventRounds "11"]
[EventCountry "USA"]
[SourceTitle "CB01_2025"]
[SourceDate "2025.01.01"]
[SourceVersion "1"]
[SourceVersionDate "2025.01.01"]
[SourceQuality "1"]

1. d4 Nf6 2. c4 e6 3. Nc3 d5 4. cxd5 exd5 5. Bg5 Be7 6. e3 h6 7. Bh4 Bg4 8. Qb3 Nbd7 9. Bd3 0-0 10. h3 Be6 11. Nf3 Nb6 12. 0-0 Ne4 13. Bxe7 Qxe7 14. Qc2 Nxc3 15. bxc3 c5 16. a4 Rfc8 17. a5 Nd7 18. Qb2 Rc7 19. Qa3 Rac8 20. Qb2 Qf6 21. Qe2 Bf5 22. Rab1 Qg6 23. Bxf5 Qxf5 24. Rb5 Nf6 25. dxc5 Rxc5 26. Rxb7 Rxa5 27. Nd4 Qe4 28. Qb2 Rac5 29. Rxa7 Rxc3 30. Qb7 Qg6 31. Nf5 R3c7 32. Ne7+ Kh7 33. Nxg6 Rxb7 34. Nf8+ Rxf8 35. Rxb7 Kg6 36. Ra1 h5 37. Raa7 Ne4 38. Rd7 Nf6 39. Ra6 Kf5 40. Rda7 Ne4 41. Ra8 Rxa8 42. Rxa8 h4 43. Rd8 Ke6 44. Kf1 g5 45. Ke2 f6 46. Kf3 Ke5 47. g3 Nd2+ 48. Ke2 hxg3 49. fxg3 Ne4 50. Re8+ Kf5 51. g4+ Kg6 52. Re7 f5 53. Re6+ Nf6 54. gxf5+ Kxf5 55. Re7 Ne4 56. Kd3 Nf2+ 57. Kd4 Nxh3 58. Kxd5 g4 59. e4+ Kf6 60. Re6+ Kg5 61. Re8 g3 62. e5 Nf4+ 63. Kd6 g2 64. Rg8+ Ng6 65. e6 g1Q 66. e7 Qb6+ 0-1

[Event "Wch Rapid (Women)"]
[Site "New York"]
[Date "2024.12.26"]
[Round "3"]
[White "Skripchenko, Almira"]
[Black "Kashlinskaya, Alina"]
[Result "1/2-1/2"]
[WhiteElo "2295"]
[BlackElo "2378"]
[PlyCount "89"]
[EventDate "2024.12.26"]
[EventType "swiss (rapid)"]
[EventRounds "11"]
[EventCountry "USA"]
[SourceTitle "CB01_2025"]
[SourceDate "2025.01.01"]
[SourceVersion "1"]
[SourceVersionDate "2025.01.01"]
[SourceQuality "1"]

1. e4 e5 2. Nf3 Nc6 3. Bb5 a6 4. Ba4 Nf6 5. Nc3 Bc5 6. Bxc6 dxc6 7. d3 0-0 8. h3 Re8 9. Qe2 Nd7 10. Be3 Bd6 11. 0-0-0 c5 12. Nd2 Nf8 13. Nc4 Ne6 14. Nxd6 Qxd6 15. Rdf1 b5 16. Qd2 Bb7 17. f4 exf4 18. Bxf4 Nxf4 19. Rxf4 Rad8 20. Rhf1 Rd7 21. Qf2 Ree7 22. Rf5 c4 23. dxc4 Bxe4 24. Nxe4 Rxe4 25. Rxf7 Rd8 26. c5 Qh6+ 27. Kb1 Ree8 28. Rxc7 Qh5 29. g4 Qe5 30. Qf7+ Kh8 31. a3 h6 32. c6 Rf8 33. Qxf8+ Rxf8 34. Rxf8+ Kh7 35. Rff7 Qe1+ 36. Ka2 Qe6+ 37. b3 Qe4 38. Rf2 a5 39. Rc8 Qe6 40. Rc7 a4 41. Rff7 Qe4 42. Rxg7+ Kh8 43. Rh7+ Kg8 44. Rhg7+ Kh8 45. Rh7+ 1/2-1/2

[Event "Swiss Queens Wed #46"]
[Site "FIDE Online Arena INT"]
[Date "2024.12.11"]
[Round "1"]
[White "Kashlinskaya, Alina"]
[Black "Anishka, Vikram"]
[Result "1-0"]
[WhiteElo "2493"]
[BlackElo "1852"]
[PlyCount "61"]
[EventDate "2024.12.11"]
[EventType "swiss (blitz)"]
[EventRounds "11"]
[EventCountry "NET"]
[SourceTitle "CB51_2024"]
[SourceDate "2024.12.18"]
[SourceVersion "1"]
[SourceVersionDate "2024.12.18"]
[SourceQuality "1"]

1. d4 d5 2. c4 e6 3. Nc3 Be7 4. cxd5 exd5 5. Bf4 c6 6. e3 Bf5 7. Nge2 Nf6 8. Ng3 Bg6 9. h4 h5 10. Bd3 Bxd3 11. Qxd3 Nbd7 12. Nf5 g6 13. Nxe7 Qxe7 14. 0-0-0 0-0-0 15. Kb1 Nb6 16. Rc1 Nc4 17. b3 Nd6 18. f3 Kb8 19. e4 dxe4 20. fxe4 Ng4 21. Rhe1 Ka8 22. d5 Nc8 23. e5 Nb6 24. d6 Qxh4 25. Ne4 Nf2 26. Nxf2 Qxf2 27. g3 h4 28. Re2 hxg3 29. Rxf2 gxf2 30. Qf3 Nd5 31. Qxf2 1-0

[Event "Swiss Queens Wed #46"]
[Site "FIDE Online Arena INT"]
[Date "2024.12.11"]
[Round "9"]
[White "Kashlinskaya, Alina"]
[Black "Shuvalova, Polina"]
[Result "1-0"]
[WhiteElo "2493"]
[BlackElo "2504"]
[PlyCount "111"]
[EventDate "2024.12.11"]
[EventType "swiss (blitz)"]
[EventRounds "11"]
[EventCountry "NET"]
[SourceTitle "CB51_2024"]
[SourceDate "2024.12.18"]
[SourceVersion "1"]
[SourceVersionDate "2024.12.18"]
[SourceQuality "1"]

1. d4 Nf6 2. c4 b6 3. f3 Bb7 4. e4 e6 5. Nc3 Bb4 6. Be3 d5 7. cxd5 exd5 8. Qa4+ Nc6 9. Bb5 Bxc3+ 10. bxc3 Qd7 11. e5 Ng8 12. Qc2 Nge7 13. Ne2 a6 14. Bd3 a5 15. 0-0 Ba6 16. Bxa6 Rxa6 17. Ng3 h5 18. h4 Kd8 19. f4 Qg4 20. Rf3 Qxh4 21. f5 Kc8 22. f6 gxf6 23. exf6 Ng6 24. Qf5+ Kb7 25. Qxd5 Qg4 26. Nf5 Raa8 27. Qd7 Rad8 28. Qxf7 Rhf8 29. Qg7 Rg8 30. Nh6 Rxg7 31. Nxg4 hxg4 32. Rg3 Rf7 33. Bg5 Rd5 34. Rxg4 Nf8 35. Re1 Nd7 36. Re7 Rxf6 37. Rxd7 Rxd7 38. Bxf6 a4 39. Rg7 Rxg7 40. Bxg7 Ne7 41. g4 Kc6 42. g5 Kd5 43. Bf8 Ng6 44. Bb4 Kc4 45. Kf2 c5 46. dxc5 bxc5 47. Ba5 Kb5 48. Bc7 Kc4 49. Bd6 Kxc3 50. Bxc5 Kb2 51. a3 Kb3 52. Kf3 Ne5+ 53. Ke4 Nd7 54. Bd6 Kc4 55. Kf5 Kd5 56. g6 1-0

[Event "Swiss Queens Wed #46"]
[Site "FIDE Online Arena INT"]
[Date "2024.12.11"]
[Round "7"]
[White "Kashlinskaya, Alina"]
[Black "Tomilova, Elena"]
[Result "1-0"]
[WhiteElo "2493"]
[BlackElo "2207"]
[PlyCount "83"]
[EventDate "2024.12.11"]
[EventType "swiss (blitz)"]
[EventRounds "11"]
[EventCountry "NET"]
[SourceTitle "CB51_2024"]
[SourceDate "2024.12.18"]
[SourceVersion "1"]
[SourceVersionDate "2024.12.18"]
[SourceQuality "1"]

1. d4 Nf6 2. c4 e6 3. Nc3 d5 4. cxd5 exd5 5. Bg5 c6 6. e3 Be7 7. Bd3 0-0 8. Qc2 Nbd7 9. h3 h6 10. Bf4 Re8 11. Nf3 Nf8 12. 0-0 Bd6 13. Bxd6 Qxd6 14. Rab1 a5 15. a3 N8d7 16. b4 axb4 17. axb4 b5 18. Nd2 Nb6 19. Ne2 Nc4 20. Bxc4 dxc4 21. e4 Qe7 22. Nc3 Bd7 23. Qb2 Red8 24. Rbe1 Be8 25. Nf3 Ra7 26. Re3 Rda8 27. Rfe1 Bd7 28. d5 Qf8 29. d6 Be6 30. e5 Nd5 31. Nxd5 Bxd5 32. Nd4 Ra2 33. Qb1 Qb8 34. Nf5 Qa7 35. Nxh6+ gxh6 36. Rg3+ Kh8 37. Qf5 f6 38. Qxf6+ Kh7 39. Qg6+ Kh8 40. Qxh6+ Qh7 41. Qf6+ Qg7 42. Qxg7# 1-0

[Event "Swiss Queens Wed #46"]
[Site "FIDE Online Arena INT"]
[Date "2024.12.11"]
[Round "6"]
[White "Priyanka, Nutakki"]
[Black "Kashlinskaya, Alina"]
[Result "1-0"]
[WhiteElo "2296"]
[BlackElo "2493"]
[PlyCount "91"]
[EventDate "2024.12.11"]
[EventType "swiss (blitz)"]
[EventRounds "11"]
[EventCountry "NET"]
[SourceTitle "CB51_2024"]
[SourceDate "2024.12.18"]
[SourceVersion "1"]
[SourceVersionDate "2024.12.18"]
[SourceQuality "1"]

1. c4 Nf6 2. Nc3 g6 3. e4 d6 4. g3 Bg7 5. Bg2 c5 6. Nge2 Nc6 7. 0-0 Bg4 8. h3 Bxe2 9. Nxe2 0-0 10. d3 Rc8 11. Be3 a6 12. Rc1 b5 13. Qd2 bxc4 14. dxc4 Qb6 15. b3 a5 16. Nc3 Qb4 17. Rfd1 Rb8 18. f4 Nd4 19. Qf2 e6 20. e5 dxe5 21. fxe5 Nd7 22. Bxd4 cxd4 23. Rxd4 Nxe5 24. Ne4 Rbd8 25. Rxd8 Rxd8 26. Rf1 Qe7 27. Kh2 f5 28. Nc5 h5 29. Nb7 Rd3 30. Nxa5 Qc7 31. Nb7 h4 32. Kh1 Rxg3 33. Qc5 Qd7 34. Qd6 Qc8 35. Qd8+ Qxd8 36. Nxd8 Nd3 37. Nxe6 Be5 38. a4 Kf7 39. Nd8+ Kf6 40. Nc6 Bd6 41. a5 Bc5 42. Rf3 Nf2+ 43. Kh2 Ne4 44. a6 Bd6 45. Kh1 Rxf3 46. Bxf3 1-0